Logo BPK

Biblioteka

Politechniki Koszalińskiej

Festschrift Gottfried Weber : (Rekord nr 50367)

Szczegóły MARC
000 -ETYKIETA REKORDU
podpole kontrolne o stałej długości 00738nam a2200229 i 4500
001 - NUMER KONTROLNY REKORDU
pole kontrolne bgj
040 ## - ŹRÓDŁO KATALOGOWANIA
Instytucja, która utworzyła rekord BPK
041 0# - KOD JĘZYKA
Kod języka tekstu ger
044 ## - KOD KRAJU WYDAWCY/PRODUCENTA
Kod kraju wydawcy/producenta DEU
080 ## - UNIWERSALNA KLASYFIKACJA DZIESIĘTNA - UKD
UKD 82
008 - POLE O STAŁEJ DŁUGOŚCI - DANE KONTROLNE
podpole kontrolne o stałej długości s gw f |000 0 ger
245 10 - TYTUŁ/ODPOWIEDZIALNOŚĆ
Tytuł Festschrift Gottfried Weber :
Ciąg dalszy tytułu zu seinem 70. Geburstag überreicht von Frankfurter Kollegen und Schülern /
Pozostałe elementy strefy tytułu i oznaczenia odpowiedzialności hrsg. von Heinz Otto Burger und Klaus von See.
260 ## - STREFA ADRESU WYDAWNICZEGO
Miejsce wydania Bad Homburg V.D.H. :
Nazwa wydawcy/dystrybutora Verlag Gehlen,
Data publikacji, dystrybucji/powstania dokumentu 1967.
300 ## - STREFA OPISU FIZYCZNEGO
Objętość 328 s. :
Inne cechy fizyczne il. ;
Rozmiary 24 cm.
490 1# - STREFA SERII I DOKUMENTU WIELOCZĘŚCIOWEGO - FORMA NIE DO WYSZUKIWANIA
Tytuł i oznaczenie odpowiedzialności serii Frankfurter Beiträge zur Germanistik
Numeracja w obrębie serii Bd. 1
650 9# - HASŁO PRZEDMIOTOWE W FORMIE NAZWY OGÓLNEJ LUB JEDNOSTKOWEJ
Nazwa ogólna lub geograficzna Literatura
700 1# - HASŁO DODATKOWE - NAZWA OSOBOWA
Nazwa osobowa WEBER, Gottfried.
700 1# - HASŁO DODATKOWE - NAZWA OSOBOWA
Nazwa osobowa BURGER, Heinz Otto.
700 1# - HASŁO DODATKOWE - NAZWA OSOBOWA
Nazwa osobowa SEE, Klaus von.
830 ## - HASŁO DODATKOWE SERII LUB DOKUMENTU WIELOCZĘŚCIOWEGO - TYTUŁ UJEDNOLICONY
Tytuł ujednolicony Frankfurter Beiträge zur Germanistik
856 ## - LOKALIZACJA I DOSTĘP DO ELEKTRONICZNYCH DOKUMENTÓW ZDALNYCH
Link (URL) http://koha.tu.koszalin.pl/cgi-bin/koha/opac-detail.pl?biblionumber=50367
Tekst linku Katalog online BPK
942 ## - DODATKOWE ELEMENTY (KOHA)
Typ dokumentu Książka
Egzemplarze
Wycofany Status egzemplarza Uszkodzony Dostępność Lokalizacja stała Lokalizacja bieżąca Miejsce przechowywania Sygnatura Kod kreskowy Typ dokumentu
      Dostępny Biblioteka Politechniki Koszalińskiej Biblioteka Politechniki Koszalińskiej Wypożyczalnia Językowa N 267 02439846 Książka
© 2023 Biblioteka Politechniki Koszalińskiej :: KOHA